IDEOLOGIA Y DESARROLLO EL CASO DEL PARTIDO APRISTA PERUANO /

INDICE

Spremljeno u:
Bibliografski detalji
Glavni autor: Bourricaud, Francois (autor)
Format: Knjiga
Serija:JORNADAS ; 58
Teme:
Oznake: Dodaj oznaku
Bez oznaka, Budi prvi tko označuje ovaj zapis!

MARC

LEADER 00000nam^a2200000^a^4500
001 000235558
005 20250521000000.0
009 20260310104813.177
035 |a 053954 
037 |a Acervo Xavier Clavigero 
082 |a 324. 2  |b BOU 
100 |a Bourricaud, Francois  |e (autor) 
245 1 0 |a IDEOLOGIA Y DESARROLLO EL CASO DEL PARTIDO APRISTA PERUANO /  |c FRANCOIS BOURRICAUD 
264 |a MEXICO :  |b EL COLEGIO DE MEXICO,  |c 1966 
300 |a 50 p. 
336 |a texto  |b txt  |2 rdacontenido 
337 |a sin mediación  |b n  |2 rdamedio 
338 |a volumen  |b nc  |2 rdasoporte 
440 |a JORNADAS ;  |v 58 
520 |a INDICE 
649 |a XX 
650 |a PARTIDOS POLITICOS -  |x PERU 
910 |a Fondo General 
920 |a Impresos - Libros 
930 |a Colección General 
905 |a 101 
901 |a 053954  |b IT1  |c ACC  |i 053954  |u 20250521 
902 |a https://opac.biblio.iteso.mx/vufind/Record/000235558